00523nam a2200145 i 450000100060000000300090000600500170001500700030003200800410003511000480007624501640012426000340028830000210032285200340034345762ES-MaACL20230906161255.0t|030326s1956 lu ||||1| fre d2 aComunidad Europea del Carbón y del Acero.10aHaute autorite sur le chemin de l'integration europeenne b: premiers resultats pour le charbon et l'acier / cCommunauté Europenne du Charbon et de l'Acier. aLuxembourg : b[s.n., c1956] a32 p. ; c21 cm. aES-MaACLj2025-F-25 bR.42907